The dolphin chase

Bibliographic Details
Main Author: Murray, William
Format: Book
Published: Loughborough : Ladybird Books , 19-
Subjects:

MARC

LEADER 00000cam a2200000 7i4500
001 0000008144
002 000008884
005 20040128.0
020 |a 0721413277 
090 0 0 |a JF   |b REA 
100 1 |a Murray, William 
245 1 4 |a The dolphin chase   |c William Murray 
260 |a Loughborough :   |b Ladybird Books ,   |c 19- 
300 |a 41p. :   |b ill. ;   |c 17cm. 
650 0 0 |a Children's stories 
999 |a 052630   |b BUKU   |c PINJAMAN   |e PERPUSTAKAAN KOMUNITI PETALING JAYA 
999 |a 052631   |b BUKU   |c PINJAMAN   |e PERPUSTAKAAN KOMUNITI PETALING JAYA 
999 |a 052632   |b BUKU   |c PINJAMAN   |e PERPUSTAKAAN KOMUNITI PETALING JAYA 
999 |a 055635   |b BUKU   |c PINJAMAN   |e PERPUSTAKAAN KOMUNITI PETALING JAYA 
999 |a 055636   |b BUKU   |c PINJAMAN   |e PERPUSTAKAAN KOMUNITI PETALING JAYA